00422nam a2200169 a 450000100060000000300090000600800410001502000150005604000280007108200090009910000160010824500330012426000290015730000080018665000230019465000350021720306CO-ViMGA141112s2004 ck r 000 u spa d a280061711X aCO-ViMGAbspacCO-ViMGA04aHANy1 aHanah, Anne10aYa no le temo a la oscuridad aMexico : bHemma, c1994 a19p14aCUENTOS INFANTILES14aOSCURIDAD - CUENTOS INFANTILES